| 000 | 00532nam a2200205 a 4500 | ||
|---|---|---|---|
| 001 | BRCA_6821 | ||
| 005 | 20190320205614.0 | ||
| 008 | 041111s1937----mx-a######---#000-0#spa-# | ||
| 041 | _aspa | ||
| 044 | _amx | ||
| 050 | 4 |
_aQK495 _b.C115 B73 _c1937 |
|
| 100 | 1 |
_aBravo H., Helia _917016 |
|
| 245 | 1 | 0 |
_aLas cactáceas de México _cpor Helia Bravo H. |
| 260 |
_aMéxico _bUniversidad Nacional de México _c1937 |
||
| 300 |
_a755 p. _bil. _c24 cm. |
||
| 500 | _aI154 | ||
| 650 | 1 | 4 |
_aCactáceas _97685 |
| 902 | _aGFM | ||
| 942 |
_2lcc _cB |
||
| 999 |
_c6504 _d6504 |
||